000 00554nam a2200193 i 4500
001 128838
003 ES-MaACL
005 20230906193354.0
007 t|
008 070528s1970 sp ||||1| spa d
080 _a820-311.2"19"
100 1 _aTarr, Herbert.
_9109312
245 1 0 _aQue el cielo nos ayude! /
_cHerbert Tarr ; [traducción de E. Mallorquí].
250 _a[1ª ed.].
260 _a[Barcelona] :
_bPlaza & Janés,
_c[1970]
300 _a282 p. ;
_c20 cm.
700 1 _aMallorquí, E.
_975826
852 _aES-MaACL
_jC-39464
_bR.74840
999 _c128838
_d128838